000 00540nam a22002057a 4500
003 OSt
005 20140310182826.0
008 130528t xxu||||| |||| 00| 0 eng d
020 _a9789712353543
050 _aHD 9466
_b.C794 2009
082 _aFIL 551.46557
_bC794 2009
245 _aAquatic Resources and Ecology
_cCordero Jr., Paciente A.
260 _aManila
_bREX Book Store, Inc.
_c2009
300 _a363 p.
_c22 cm
521 _aCollege
526 _c1210L-1700L
541 _j1
562 _e1
942 _2lcc
_cBK
_kFIL
999 _c16500
_d16500